Performance Evaluation and Enhancement of TCP in Mobile Adhoc Networks (Record no. 9264)

000 -LEADER
fixed length control field 00530 a2200133 4500
082 ## - DEWEY DECIMAL CLASSIFICATION NUMBER
Classification number MIT-2
100 ## - MAIN ENTRY--PERSONAL NAME
Personal name Syed Ameer Ahmed Gillani
9 (RLIN) 106968
245 ## - TITLE STATEMENT
Title Performance Evaluation and Enhancement of TCP in Mobile Adhoc Networks
Statement of responsibility, etc. Syed Ameer Ahmed Gillani
260 ## - PUBLICATION, DISTRIBUTION, ETC.
Place of publication, distribution, etc. Isalamabad,
Name of publisher, distributor, etc. NUST School of Electrical Engineering & Computer Science,
Date of publication, distribution, etc. 2004.
300 ## - PHYSICAL DESCRIPTION
Extent xvi, 94 p. :
Other physical details ill. ;
Dimensions 27 cm.
500 ## - GENERAL NOTE
General note Supervisor : Dr. S M H Zaidi.
856 ## - ELECTRONIC LOCATION AND ACCESS
Uniform Resource Identifier <a href="http://10.250.8.41:8080/xmlui/handle/123456789/32253">http://10.250.8.41:8080/xmlui/handle/123456789/32253</a>
942 ## - ADDED ENTRY ELEMENTS (KOHA)
Koha item type Project Report
Call number prefix MIT-2 AME
Source of classification or shelving scheme
Holdings
Withdrawn status Lost status Damaged status Not for loan Permanent Location Current Location Total Checkouts Full call number Barcode Date last seen Price effective from Koha item type
        Central Library (CL) Central Library (CL)   MIT-2 AME SEECSP00338 11/14/2012 11/14/2012 Project Report
© 2023 Central Library, National University of Sciences and Technology. All Rights Reserved.